000 00349nam a22001337a 4500
020 _a0195503422
082 _a336.94 MAY
100 _aMay, R J.
245 _afinancing the small states in australian federalism
260 _aLondon
_bOxford University
_c1971
300 _axiii,335p.
_b23cm.
500 _aInclude index, Bibliography
942 _cBK
999 _c13532
_d13532